000 00790nas1a22002411i 4500
001 RU\NLR\INFOCOMM31\1000008286
005 20240726002939.0
035 _a(NLR Aleph) 002481514
090 _a2428240
_c2428240
100 _a20031211c1991 |||y0rusy50 ca
101 0 _arus
102 _aRU
110 _aayu||||0|y0
200 1 _aАреола
_eИнформ.-метод. бюл.
_fВсесоюз. об-ние клубов любителей кактусов (ВОКЛК)
210 _aМ.
_d1991-
712 0 2 _aВсесоюзное объединение клубов любителей кактусов
_4570
801 1 _aRU
_bInfoComm
_c20031211
801 0 _aRU
_bNLR
_gPSBO
852 _aNLR
_jП13/1783
942 _cJOURNAL
980 _aRUSPER